<?xml version="1.0" encoding="UTF-8"?>
<collection xmlns="http://www.loc.gov/MARC21/slim">
 <record>
  <leader>02206nam a22003617a 4500</leader>
  <controlfield tag="001">34906</controlfield>
  <controlfield tag="003">BD-DhAAL</controlfield>
  <controlfield tag="005">20230126104818.0</controlfield>
  <controlfield tag="008">190725r20171996bg ||||| |||| 00| 1dben d</controlfield>
  <datafield tag="020" ind1=" " ind2=" ">
   <subfield code="a">9844460409</subfield>
  </datafield>
  <datafield tag="020" ind1=" " ind2=" ">
   <subfield code="a">9789849293224</subfield>
  </datafield>
  <datafield tag="040" ind1=" " ind2=" ">
   <subfield code="a">BD-DhAAL</subfield>
  </datafield>
  <datafield tag="041" ind1=" " ind2=" ">
   <subfield code="a">ben</subfield>
  </datafield>
  <datafield tag="082" ind1=" " ind2=" ">
   <subfield code="2">23</subfield>
   <subfield code="a">891.44371</subfield>
  </datafield>
  <datafield tag="100" ind1=" " ind2=" ">
   <subfield code="a">ওয়ালীউল্লাহ, সৈয়দ</subfield>
   <subfield code="9">33155</subfield>
  </datafield>
  <datafield tag="245" ind1=" " ind2=" ">
   <subfield code="a">গল্পসমগ্র /</subfield>
   <subfield code="c">সৈয়দ ওয়ালীউল্লাহ</subfield>
  </datafield>
  <datafield tag="246" ind1=" " ind2=" ">
   <subfield code="a">Galpo samagra (collected stories)</subfield>
  </datafield>
  <datafield tag="260" ind1=" " ind2=" ">
   <subfield code="a">ঢাকা :</subfield>
   <subfield code="b">প্রতীক প্রকাশনা সংস্থা;</subfield>
   <subfield code="b">জোনাকী প্রকিশনী,</subfield>
   <subfield code="c">১৯৯৬ [ষষ্ঠ মুদ্রণ ২০১৭];</subfield>
   <subfield code="c">২০২১</subfield>
  </datafield>
  <datafield tag="300" ind1=" " ind2=" ">
   <subfield code="a">৩১৯ পৃষ্ঠা,</subfield>
   <subfield code="a">৪৩২ পৃষ্ঠা ;</subfield>
   <subfield code="b">চিএ :</subfield>
   <subfield code="c">২২ সে.মি.</subfield>
  </datafield>
  <datafield tag="504" ind1=" " ind2=" ">
   <subfield code="a">গ্রন্থপঞ্জিগত নির্দেশিকা অন্তভূক্ত</subfield>
  </datafield>
  <datafield tag="526" ind1=" " ind2=" ">
   <subfield code="a">Residential Campus</subfield>
  </datafield>
  <datafield tag="541" ind1=" " ind2=" ">
   <subfield code="a">Development Book Agency</subfield>
   <subfield code="e">34906, 35018, 40740</subfield>
  </datafield>
  <datafield tag="600" ind1=" " ind2=" ">
   <subfield code="a">ওয়ালীউল্লাহ, সৈয়দ,</subfield>
   <subfield code="d">১৯২২- ১৯৭১</subfield>
   <subfield code="9">33156</subfield>
  </datafield>
  <datafield tag="650" ind1=" " ind2=" ">
   <subfield code="a">Bengali fiction</subfield>
   <subfield code="z">Bangladesh.</subfield>
   <subfield code="9">33157</subfield>
  </datafield>
  <datafield tag="650" ind1=" " ind2=" ">
   <subfield code="a">Bengali literature.</subfield>
  </datafield>
  <datafield tag="650" ind1=" " ind2=" ">
   <subfield code="a">Bengali essays.</subfield>
  </datafield>
  <datafield tag="852" ind1=" " ind2=" ">
   <subfield code="a">Savar Campus Library</subfield>
   <subfield code="c">General Stacks</subfield>
  </datafield>
  <datafield tag="942" ind1=" " ind2=" ">
   <subfield code="2">ddc</subfield>
   <subfield code="c">BK</subfield>
  </datafield>
  <datafield tag="999" ind1=" " ind2=" ">
   <subfield code="c">40976</subfield>
   <subfield code="d">40976</subfield>
  </datafield>
  <datafield tag="952" ind1=" " ind2=" ">
   <subfield code="0">0</subfield>
   <subfield code="1">0</subfield>
   <subfield code="2">ddc</subfield>
   <subfield code="4">0</subfield>
   <subfield code="6">891_443710000000000_WAL</subfield>
   <subfield code="7">0</subfield>
   <subfield code="9">65752</subfield>
   <subfield code="a">BRACUL</subfield>
   <subfield code="b">BRACUL</subfield>
   <subfield code="c">GEN</subfield>
   <subfield code="d">2019-07-17</subfield>
   <subfield code="e">Development Book Agency</subfield>
   <subfield code="g">308.00</subfield>
   <subfield code="l">15</subfield>
   <subfield code="m">74</subfield>
   <subfield code="o">891.44371 WAL</subfield>
   <subfield code="p">3010035018</subfield>
   <subfield code="r">2025-10-23</subfield>
   <subfield code="s">2025-09-03</subfield>
   <subfield code="t">2</subfield>
   <subfield code="v">308.00</subfield>
   <subfield code="w">2019-07-17</subfield>
   <subfield code="y">BK</subfield>
  </datafield>
  <datafield tag="952" ind1=" " ind2=" ">
   <subfield code="0">0</subfield>
   <subfield code="1">0</subfield>
   <subfield code="2">ddc</subfield>
   <subfield code="4">0</subfield>
   <subfield code="6">891_443710000000000_WAL</subfield>
   <subfield code="7">0</subfield>
   <subfield code="9">65869</subfield>
   <subfield code="a">SCL</subfield>
   <subfield code="b">SCL</subfield>
   <subfield code="c">GEN</subfield>
   <subfield code="d">2019-07-24</subfield>
   <subfield code="e">Development Book Agency</subfield>
   <subfield code="g">308.00</subfield>
   <subfield code="l">0</subfield>
   <subfield code="o">891.44371 WAL</subfield>
   <subfield code="p">3020034906</subfield>
   <subfield code="r">2022-12-04</subfield>
   <subfield code="t">1</subfield>
   <subfield code="v">308.00</subfield>
   <subfield code="w">2019-07-24</subfield>
   <subfield code="y">BK</subfield>
  </datafield>
  <datafield tag="952" ind1=" " ind2=" ">
   <subfield code="0">0</subfield>
   <subfield code="1">0</subfield>
   <subfield code="2">ddc</subfield>
   <subfield code="4">0</subfield>
   <subfield code="6">891_443710000000000_WAL</subfield>
   <subfield code="7">0</subfield>
   <subfield code="9">72903</subfield>
   <subfield code="a">SCL</subfield>
   <subfield code="b">SCL</subfield>
   <subfield code="c">GEN</subfield>
   <subfield code="d">2023-01-15</subfield>
   <subfield code="e">Development Book Agency</subfield>
   <subfield code="g">553.00</subfield>
   <subfield code="l">6</subfield>
   <subfield code="m">2</subfield>
   <subfield code="o">891.44371 WAL</subfield>
   <subfield code="p">3020040739</subfield>
   <subfield code="r">2026-04-23</subfield>
   <subfield code="s">2025-10-16</subfield>
   <subfield code="t">1</subfield>
   <subfield code="v">553.00</subfield>
   <subfield code="w">2023-01-15</subfield>
   <subfield code="y">BK</subfield>
  </datafield>
  <datafield tag="952" ind1=" " ind2=" ">
   <subfield code="0">0</subfield>
   <subfield code="1">0</subfield>
   <subfield code="2">ddc</subfield>
   <subfield code="4">0</subfield>
   <subfield code="6">891_443710000000000_WAL</subfield>
   <subfield code="7">0</subfield>
   <subfield code="9">72904</subfield>
   <subfield code="a">SCL</subfield>
   <subfield code="b">SCL</subfield>
   <subfield code="c">GEN</subfield>
   <subfield code="d">2023-01-15</subfield>
   <subfield code="e">Development Book Agency</subfield>
   <subfield code="g">553.00</subfield>
   <subfield code="l">2</subfield>
   <subfield code="m">6</subfield>
   <subfield code="o">891.44371 WAL</subfield>
   <subfield code="p">3020040740</subfield>
   <subfield code="r">2024-01-24</subfield>
   <subfield code="s">2024-01-21</subfield>
   <subfield code="t">2</subfield>
   <subfield code="v">553.00</subfield>
   <subfield code="w">2023-01-15</subfield>
   <subfield code="y">BK</subfield>
  </datafield>
 </record>
</collection>
